| 000 | 00486nam a2200181Ia 4500 | ||
|---|---|---|---|
| 008 | 240925s9999 xx 000 0 und d | ||
| 020 | _a71004122 | ||
| 082 | _a519.4 CHA | ||
| 100 | _aChapra, Steven C.; Canale ,Raymond P. | ||
| 245 | 0 | _aNumerical Methods for Engineers | |
| 250 | _a2nd | ||
| 260 |
_aNew York: _bMcGraw-Hill _c,1990. |
||
| 300 |
_a378p. _bNA _fOriginal |
||
| 500 | _aIncludes Index | ||
| 600 | _aHumanities & Natural Science | ||
| 650 | _aMathematics | ||
| 942 | _cBK | ||
| 999 |
_c6166 _d6166 |
||